000 00454nam a2200193Ia 4500
005 20240823051854.0
008 240823s9999||||xx |||||||||||||| ||und||
020 _a978-81-203-4872-1
041 _aENGLISH
082 _A621.564 Q4
100 _aSapali S N
245 0 _aRefrigeration and Air Conditioning
250 _a2nd
260 _c2014
_b#VALUE!
500 _aYES
650 _aRefrigeration
_bElectronics
942 _cBK
999 _c220561
_d220561